| 000 | 00709nam a22002295a 4500 | ||
|---|---|---|---|
| 008 | 161218b2014 ii a|||fr|||| 000 0 eng d | ||
| 020 | _a9789350996416 | ||
| 040 |
_aEG-ScBUE _beng _cEG-ScBUE |
||
| 082 | 0 | 4 |
_222 _a621.3192 _bBAK |
| 100 | 1 |
_912771 _aBakshi, Uday A. |
|
| 245 |
_aNetwork analysis / _cUsay A. Bakshi, Ajay V. Bakshi. |
||
| 250 | _a1st ed. | ||
| 260 |
_aIndia : _bTechnical Publications, _c2014. |
||
| 300 |
_a1 v. (various pagings) : _bill. ; _c22 cm. |
||
| 590 | _aWessam | ||
| 650 | 7 |
_2BUEsh _918793 _aElectric network analysis. |
|
| 651 | _2BUEsh | ||
| 653 |
_bENGELC _cDecember2016 |
||
| 653 |
_bCOMSCI _cDecember2016 |
||
| 700 | 1 |
_912772 _aBakshi, Ajay V. |
|
| 942 |
_2ddc _e22 _k621.3192 BAK |
||
| 999 |
_c23608 _d23580 |
||